Review of NASA's longitudinal study of astronaut health (Record no. 64788)
[ view plain ]
| 000 -LEADER | |
|---|---|
| fixed length control field | 02147nam a2200421Ia 4500 |
| 082 04 - DEWEY DECIMAL CLASSIFICATION NUMBER | |
| Classification number | 616.9/80214 |
| 245 10 - TITLE STATEMENT | |
| Title | Review of NASA's longitudinal study of astronaut health |
| 260 ## - PUBLICATION, DISTRIBUTION, ETC. (IMPRINT) | |
| Place of publication | Washington, D.C. : |
| Name of publisher | National Academies Press, |
| Year of publication | 2004. |
| 300 ## - PHYSICAL DESCRIPTION | |
| Number of Pages | xiv, 79 p. |
| 500 ## - GENERAL NOTE | |
| General note | Chairman: David E. Longnecker. |
| General note | "This study was supported by Contract/Grant No. NASW-03031 between the National Academy of Sciences and the National Aeronautics and Space Administration."--t.p. verso. |
| 650 #0 - SUBJECT ADDED ENTRY--TOPICAL TERM | |
| Topical Term | Astronauts |
| Topical Term | Astronauts |
| Topical Term | Space flight |
| Topical Term | Space medicine |
| 700 1# - ADDED ENTRY--PERSONAL NAME | |
| Personal name | Longnecker, David E., |
| Personal name | Manning, Frederick J. |
| Personal name | Worth, Melvin H. |
| 856 40 - ELECTRONIC LOCATION AND ACCESS | |
| Uniform Resource Identifier | http://site.ebrary.com/lib/rucke/Doc?id=10055354 |
No items available.
